000 02111nam a2200373Ia 4500
999 _c40420
_d40420
001 7028
003 GE_BSU
005 20230117165358.0
008 181216s2009||||ge |||||||||||||| ||geo||
020 _a9789994087341
040 _cGE_BSU
041 _ageo
080 _a159.9 გ–35
100 _aგერიგი, რიჩარდ
_913153
245 _aფსიქოლოგია და ცხოვრება = Psychology and Life /
_cრიჩარდ გერიგი, ფილიპ ზიმბარდო ; [სამეცნ. რედ.: მარინე ჩიტაშვილი (მთ. სამეცნ. რედ.) [და სხვ.] ; ილ.: კარლო კაჭარავა [და სხვ.].
250 _aმე-16 გამოც.
264 _aთბილისი.
_b უნ-ტის გამ-ბა,
_c2009.
300 _a855 გვ.;
_bილ;
_c30 სმ.
490 _aსოციალურ მეცნიერებათა სერია
501 _aლექსიკონი: გვ. 787-808.
504 _aბიბლიოგრ.: გვ. 809-854.
541 _h70ლ.
653 _aფსიქოლოგია
700 _aზიმბარდო, ფილიპ
_eავტორი
_913164
700 _aჩიტაშვილი, მარინე
_eრედაქტორი
_9977
700 _aმირიანაშვილი, მარიამ
_eრედაქტორი
_93277
700 _aდოლიძე, სოფიო
_eრედაქტორი
_913165
700 _aგოროშიძე, გიორგი
_eრედაქტორი
_913166
700 _aფარჯანაძე, დალი
_eრედაქტორი
_913167
700 _aქირია, გივი, რედ.
_eრედაქტორი
_913168
700 _aკაჭარავა, კარლო
_eმხატვარი
_913169
700 _aმაღლაკელიძე, ქეთევან [და სხვ.]
_eმხატვარი
_913170
942 _cBK
_2udc